Представление документа в формате MARC21

Поле Инд. ПП Название Значение
Тип записи a
Библиографический уровень b
001 Контрольный номер RU/IS/BASE/194350327
005 Дата корректировки 20220715140335.6
008 Кодируемые данные 20060227
084 a Индекс другой классификации/Индекс ББК 66.1(4Гем)6; 87.3(4Гем)6; 60.000.3; 66.01
100 1_ a Автор Афанасьев В. В.
q Полное имя Афанасьев Валерий Владимирович
245 a Заглавие Освальд Шпенглер о международной политике
504 a Библиография Библиогр. ссылки. - Примеч.
600 a Персоналии Шпенглер Освальд
650 a Основная рубрика история политических учений
a Основная рубрика история философии
a Основная рубрика политика
a Основная рубрика политическая философия (философия политики)
a Основная рубрика социальная философия
a Основная рубрика философия
653 a Ключевые слова XX век
a Ключевые слова Германия
a Ключевые слова международные отношения
a Ключевые слова мировая политика
a Ключевые слова Россия
a Ключевые слова США
773 t Заглавие источника Вестник Московского университета. Серия 18, Социология и политология
d Дата издания источника 2005
g Прочая информация № 4. - С. 126 - 138
w Контрольный № источника RU/IS/BASE/193325762
901 t Тип документа b